[Event "Madrid San Viator op-B 31st"]
[Site "Madrid"]
[Date "2019.09.15"]
[Round "2"]
[White "Urbelz Perez, Ignacio"]
[Black "Mangas Perez, Roberto"]
[Result "1-0"]
[WhiteElo "1551"]
[BlackElo "1082"]
[PlyCount "107"]
[EventDate "2019.09.08"]
[EventType "swiss"]
[EventRounds "9"]
[EventCountry "ESP"]
[SourceTitle "EXT 2022"]
[Source "ChessBase"]
[SourceDate "2021.10.06"]
[SourceVersion "1"]
[SourceVersionDate "2021.10.06"]
[SourceQuality "1"]

1. e4 c5 2. Nc3 Nc6 3. Bb5 Nf6 4. Bxc6 bxc6 5. f4 d6 6. Nf3 Bg4 7. 0-0 g6 8. d3 Bg7 9. Qe1 Bxf3 10. Rxf3 e5 11. fxe5 dxe5 12. Qf2 0-0 13. Bg5 Ng4 14. Qh4 f6 15. Qxg4 fxg5 16. Qe6+ Kh8 17. Raf1 Rxf3 18. Rxf3 Qg8 19. Qxc6 Rc8 20. Qa6 Ra8 21. Nd5 g4 22. Rf1 Bh6 23. Qb7 Rf8 24. Qxa7 Rxf1+ 25. Kxf1 Qf8+ 26. Ke2 Bf4 27. Qe7 Bh6 28. a4 Qxe7 29. Nxe7 Bf8 30. Nc6 Bd6 31. a5 Bc7 32. a6 Bb6 33. a7 Bxa7 34. Nxa7 Kg7 35. Nc6 Kf6 36. b4 cxb4 37. Nxb4 Kg5 38. c4 h5 39. c5 Kf4 40. Nd5+ Kg5 41. c6 h4 42. c7 h3 43. g3 Kh5 44. c8Q Kg5 45. Qe6 Kh5 46. Qxe5+ Kh6 47. Nf4 Kh7 48. Qg5 Kg7 49. e5 Kf7 50. e6+ Kg7 51. Qd8 Kh7 52. e7 Kg7 53. e8Q Kh7 54. Qxg6# 1-0

[Event "Mostoles op 9th"]
[Site "Mostoles"]
[Date "2018.07.21"]
[Round "5"]
[White "Lysyy, Petro"]
[Black "Urbelz Perez, Ignacio"]
[Result "1-0"]
[WhiteElo "1868"]
[BlackElo "1526"]
[PlyCount "38"]
[EventDate "2018.07.17"]
[EventType "swiss"]
[EventRounds "9"]
[EventCountry "ESP"]
[SourceTitle "CBM 186 Extra"]
[Source "ChessBase"]
[SourceDate "2018.08.24"]
[SourceVersion "1"]
[SourceVersionDate "2018.08.24"]
[SourceQuality "1"]

1. d4 Nf6 2. e3 g6 3. Bd3 Bg7 4. c3 d6 5. Ne2 0-0 6. 0-0 Nbd7 7. f4 d5 8. Ng3 c5 9. Nd2 e6 10. Nf3 Ne8 11. a4 Nd6 12. b4 c4 13. Bc2 b5 14. Qe1 Bb7 15. axb5 Nxb5 16. e4 Nf6 17. e5 Ne4 18. Bxe4 dxe4 19. Ng5 f5 1-0

[Event "Madrid San Viator op-B 29th"]
[Site "Madrid"]
[Date "2017.10.08"]
[Round "4"]
[White "Urbelz Perez, Ignacio"]
[Black "Franco Rincon, David"]
[Result "1-0"]
[WhiteElo "1517"]
[BlackElo "1686"]
[PlyCount "49"]
[EventDate "2017.09.17"]
[EventType "swiss"]
[EventRounds "9"]
[EventCountry "ESP"]
[SourceTitle "EXT 2019"]
[Source "ChessBase"]
[SourceDate "2018.10.10"]
[SourceVersion "1"]
[SourceVersionDate "2018.10.10"]
[SourceQuality "1"]

1. e4 Nc6 2. Nf3 e5 3. Bb5 a6 4. Ba4 d6 5. d3 Be7 6. 0-0 Nf6 7. Bg5 b5 8. Bb3 Bg4 9. c3 0-0 10. Nbd2 Rb8 11. Qc2 Nd7 12. Be3 Kh8 13. h3 Be6 14. d4 exd4 15. cxd4 Bxb3 16. Nxb3 Na7 17. d5 Nc8 18. Na5 Ra8 19. Rac1 c5 20. dxc6 Qxa5 21. cxd7 Na7 22. Qc7 Qb4 23. Bxa7 Bd8 24. Qb7 Bf6 25. Rc8 1-0

[Event "Madrid San Viator op-B 29th"]
[Site "Madrid"]
[Date "2017.10.01"]
[Round "3"]
[White "Alvarez Garcia, Jose Javier"]
[Black "Urbelz Perez, Ignacio"]
[Result "0-1"]
[WhiteElo "1230"]
[BlackElo "1517"]
[PlyCount "96"]
[EventDate "2017.09.17"]
[EventType "swiss"]
[EventRounds "9"]
[EventCountry "ESP"]
[SourceTitle "EXT 2019"]
[Source "ChessBase"]
[SourceDate "2018.10.10"]
[SourceVersion "1"]
[SourceVersionDate "2018.10.10"]
[SourceQuality "1"]

1. e4 c6 2. d4 d5 3. e5 c5 4. Bb5+ Nc6 5. Bxc6+ bxc6 6. c3 e6 7. Ne2 cxd4 8. cxd4 Bb4+ 9. Nbc3 Nh6 10. Bxh6 gxh6 11. Qd2 Qg5 12. Qxg5 hxg5 13. Ng3 h5 14. Nge2 Ba6 15. 0-0-0 Rb8 16. a3 Be7 17. g3 Kd7 18. f3 c5 19. h3 Rhc8 20. Rd2 Bxe2 21. Nxe2 cxd4+ 22. Kb1 Bxa3 23. Nxd4 Rc4 24. Rhd1 Bb4 25. Rc2 Bc3 26. Ne2 Rxb2+ 27. Rxb2 Bxb2 28. Kxb2 a5 29. Rd4 Kc6 30. Rxc4+ dxc4 31. Nc3 Kc5 32. Ne4+ Kd4 33. Kc2 g4 34. Ng5 gxh3 35. Nxh3 Kxe5 36. Kc3 Kd5 37. Nf2 f5 38. Nd1 f4 39. g4 hxg4 40. fxg4 e5 41. g5 a4 42. g6 Ke6 43. Kxc4 a3 44. Nc3 f3 45. Kb3 f2 46. g7 Kf7 47. Ne4 f1Q 48. Kxa3 Qd3+ 0-1

[Event "Madrid San Viator op-B 28th"]
[Site "Madrid"]
[Date "2017.05.14"]
[Round "6"]
[White "Martin Rodriguez, Jose Luis"]
[Black "Urbelz Perez, Ignacio"]
[Result "0-1"]
[WhiteElo "1320"]
[BlackElo "1606"]
[PlyCount "92"]
[EventDate "2017.03.26"]
[EventType "swiss"]
[EventRounds "9"]
[EventCountry "ESP"]
[SourceTitle "EXT 2019"]
[Source "ChessBase"]
[SourceDate "2018.10.10"]
[SourceVersion "1"]
[SourceVersionDate "2018.10.10"]
[SourceQuality "1"]

1. c4 e6 2. Nc3 f5 3. Nf3 Nf6 4. g3 d5 5. cxd5 exd5 6. d4 c6 7. Bg2 Bd6 8. Bg5 0-0 9. 0-0 Qe8 10. Qc2 Be6 11. Bxf6 Rxf6 12. Ne5 Nd7 13. f4 a6 14. Kh1 Rh6 15. Bf3 Nf6 16. e3 Ne4 17. Nxe4 fxe4 18. Bd1 Bh3 19. Rg1 Bxe5 20. dxe5 Qe7 21. Qf2 Bd7 22. Bb3 Rf8 23. Qg2 Kh8 24. Rac1 Bg4 25. Bd1 Bxd1 26. Rgxd1 g5 27. Qd2 g4 28. Qd4 Re6 29. Qc5 Qd8 30. Rf1 Rf5 31. Rg1 Rg6 32. Qc2 h5 33. Rg2 h4 34. Rgg1 hxg3 35. Rxg3 Qh4 36. Qg2 Rh5 37. Rg1 Rgh6 38. Qh3 Qxh3 39. Rxh3 Rxh3 40. Rg2 Rxe3 41. Rxg4 Re2 42. Rg2 Re1+ 43. Rg1 Rxg1+ 44. Kxg1 Rh3 45. e6 Kg7 46. f5 Kf6 0-1

[Event "Madrid San Viator op-B 28th"]
[Site "Madrid"]
[Date "2017.04.23"]
[Round "4"]
[White "Di Pietro Moreno, Fatima"]
[Black "Urbelz Perez, Ignacio"]
[Result "0-1"]
[WhiteElo "1394"]
[BlackElo "1606"]
[PlyCount "82"]
[EventDate "2017.03.26"]
[EventType "swiss"]
[EventRounds "9"]
[EventCountry "ESP"]
[SourceTitle "EXT 2019"]
[Source "ChessBase"]
[SourceDate "2018.10.10"]
[SourceVersion "1"]
[SourceVersionDate "2018.10.10"]
[SourceQuality "1"]

1. d4 f5 2. Bf4 Nf6 3. e3 e6 4. c4 d5 5. h3 c6 6. Nc3 Be7 7. Nf3 Nbd7 8. Be2 Ne4 9. 0-0 0-0 10. Ne5 Nxe5 11. dxe5 Bd7 12. Qc2 Rc8 13. Nxe4 fxe4 14. a3 a5 15. Rfd1 b5 16. cxd5 cxd5 17. Qb1 Bg5 18. Bg3 Bh4 19. Bxh4 Qxh4 20. Rf1 Qg5 21. b4 a4 22. Qb2 h5 23. Qd4 Rc2 24. Qd1 Rfc8 25. Bxh5 g6 26. Bg4 Qxe5 27. Qd4 Qxd4 28. exd4 Rd2 29. Rfd1 Rdc2 30. Re1 R8c3 31. Re3 Rd3 32. Rxd3 exd3 33. Rd1 Rc3 34. Ra1 d2 35. Kh2 Rc1 36. Ra2 d1Q 37. Bxd1 Rxd1 38. Rc2 Kf8 39. Rc7 Ke7 40. Kg3 Rxd4 41. Ra7 Rd3+ 0-1

[Event "Madrid San Viator op-B 28th"]
[Site "Madrid"]
[Date "2017.04.02"]
[Round "2"]
[White "Aparicio Iriso, Miguel"]
[Black "Urbelz Perez, Ignacio"]
[Result "1/2-1/2"]
[WhiteElo "1474"]
[BlackElo "1606"]
[PlyCount "37"]
[EventDate "2017.03.26"]
[EventType "swiss"]
[EventRounds "9"]
[EventCountry "ESP"]
[SourceTitle "EXT 2019"]
[Source "ChessBase"]
[SourceDate "2018.10.10"]
[SourceVersion "1"]
[SourceVersionDate "2018.10.10"]
[SourceQuality "1"]

1. c4 e6 2. Nc3 f5 3. g3 Nf6 4. Bg2 d5 5. cxd5 exd5 6. d3 c6 7. Nf3 Bd6 8. 0-0 0-0 9. b3 Qe7 10. a3 Nbd7 11. Bb2 Nc5 12. Qc2 Ne6 13. e3 Bd7 14. Ne2 Be8 15. Nfd4 Nxd4 16. Nxd4 Ng4 17. Bf3 Ne5 18. Bg2 Bh5 19. Ne2 1/2-1/2